[Event "Team Championship (men blitz)"]
[Site "Sochi"]
[Date "2017.10.05"]
[Round "12.2"]
[White "Andreikin, Dmitry"]
[Black "Chos, Alexey"]
[Result "1/2-1/2"]
[LiveChessVersion "1.4.8"]
[BlackElo "2354"]
[WhiteElo "2787"]

1. d4 {[%clk 0:03:03]} d5 {[%clk 0:03:02]} 2. Nf3 {[%clk 0:03:04]} Nf6
{[%clk 0:03:03]} 3. c4 c6 4. e3 {[%clk 0:03:06]} e6 {[%clk 0:03:05]} 5. Nbd2
{[%clk 0:03:07]} Nbd7 {[%clk 0:03:04]} 6. Bd3 {[%clk 0:03:08]} Bd6
{[%clk 0:03:05]} 7. O-O {[%clk 0:03:08]} O-O {[%clk 0:03:06]} 8. e4
{[%clk 0:03:08]} dxe4 {[%clk 0:03:07]} 9. Nxe4 {[%clk 0:03:09]} Nxe4
{[%clk 0:03:07]} 10. Bxe4 {[%clk 0:03:09]} e5 {[%clk 0:03:08]} 11. dxe5
{[%clk 0:03:05]} Nxe5 {[%clk 0:03:09]} 12. Nxe5 {[%clk 0:03:02]} Bxe5
{[%clk 0:03:10]} 13. Bxh7+ {[%clk 0:03:02]} Kxh7 {[%clk 0:03:11]} 14. Qh5+
{[%clk 0:03:03]} Kg8 {[%clk 0:03:12]} 15. Qxe5 {[%clk 0:03:04]} Re8
{[%clk 0:03:13]} 16. Qc3 {[%clk 0:03:00]} Re4 {[%clk 0:03:07]} 17. Be3
{[%clk 0:02:47]} Be6 {[%clk 0:02:54]} 18. b3 {[%clk 0:02:47]} Rg4
{[%clk 0:02:54]} 19. Rad1 {[%clk 0:02:37]} Qh4 {[%clk 0:02:53]} 20. Rd4
{[%clk 0:02:21]} Rxd4 {[%clk 0:02:41]} 21. Bxd4 {[%clk 0:02:21]} Qg5
{[%clk 0:02:38]} 22. Be3 {[%clk 0:02:18]} Qe7 {[%clk 0:02:34]} 23. h3
{[%clk 0:02:15]} a6 {[%clk 0:02:34]} 24. Rd1 {[%clk 0:02:01]} Rd8
{[%clk 0:02:35]} 25. Rxd8+ {[%clk 0:02:02]} Qxd8 {[%clk 0:02:36]} 26. Qe5
{[%clk 0:02:01]} Qd7 {[%clk 0:02:25]} 27. h4 {[%clk 0:01:54]} f6 {[%clk 0:02:26]}
28. Qf4 {[%clk 0:01:48]} Kh7 {[%clk 0:02:24]} 29. f3 {[%clk 0:01:46]} Qd3
{[%clk 0:02:18]} 30. Kh2 {[%clk 0:01:42]} b5 {[%clk 0:02:16]} 31. c5
{[%clk 0:01:25]} Qf5 {[%clk 0:01:58]} 32. Qd6 {[%clk 0:01:20]} Qe5+
{[%clk 0:01:55]} 33. Bf4 {[%clk 0:01:20]} Qxd6 {[%clk 0:01:43]} 34. cxd6
{[%clk 0:01:21]} c5 {[%clk 0:01:44]} 35. Bd2 {[%clk 0:01:18]} Kg6
{[%clk 0:01:44]} 36. g4 {[%clk 0:01:19]} Kf7 {[%clk 0:01:42]} 37. h5
{[%clk 0:01:16]} c4 {[%clk 0:01:39]} 38. bxc4 {[%clk 0:00:56]} Bxc4
{[%clk 0:01:35]} 39. a3 {[%clk 0:00:57]} Ke6 {[%clk 0:01:35]} 40. Bb4
{[%clk 0:00:58]} a5 {[%clk 0:01:36]} 41. Bc5 {[%clk 0:00:59]} b4 {[%clk 0:01:36]}
42. axb4 {[%clk 0:00:58]} a4 {[%clk 0:01:38]} 43. f4 {[%clk 0:00:49]} Bb5
{[%clk 0:01:32]} 44. g5 {[%clk 0:00:48]} fxg5 {[%clk 0:01:31]} 45. fxg5
{[%clk 0:00:49]} Kf5 {[%clk 0:01:32]} 46. h6 {[%clk 0:00:21]} gxh6
{[%clk 0:01:33]} 47. gxh6 {[%clk 0:00:22]} Kg6 {[%clk 0:01:34]} 48. Kg3
{[%clk 0:00:13]} Kxh6 {[%clk 0:01:33]} 49. Kf4 {[%clk 0:00:14]} Kg6
{[%clk 0:01:34]} 50. Ke5 {[%clk 0:00:16]} Kf7 {[%clk 0:01:33]} 51. Kd5
{[%clk 0:00:16]} Ke8 {[%clk 0:01:29]} 52. Bd4 {[%clk 0:00:17]} Kd7
{[%clk 0:01:30]} 53. Kc5 {[%clk 0:00:19]} Bc6 {[%clk 0:01:28]} 54. Be5
{[%clk 0:00:20]} a3 {[%clk 0:01:26]} 55. b5 {[%clk 0:00:21]} Bf3 {[%clk 0:01:26]}
56. Kb6 {[%clk 0:00:18]} a2 {[%clk 0:01:26]} 57. Ka7 {[%clk 0:00:19]} Be2
{[%clk 0:01:26]} 58. b6 {[%clk 0:00:19]} Bf3 {[%clk 0:01:27]} 59. b7
{[%clk 0:00:19]} Bxb7 {[%clk 0:01:28]} 60. Kxb7 {[%clk 0:00:20]} a1=Q
{[%clk 0:01:28]} 61. Bxa1 {[%clk 0:00:21]} Kxd6 1/2-1/2

[Event "Team Championship (men blitz)"]
[Site "Sochi"]
[Date "2017.10.05"]
[Round "12.3"]
[White "Jary, Sergey"]
[Black "Riazantsev, Alexander"]
[Result "0-1"]
[LiveChessVersion "1.4.8"]
[BlackElo "2670"]
[WhiteElo "2333"]

1. Nf3 d5 2. g3 {[%clk 0:03:05]} c6 {[%clk 0:03:04]} 3. Bg2 {[%clk 0:03:06]} Bf5
{[%clk 0:03:05]} 4. O-O {[%clk 0:03:05]} e6 {[%clk 0:03:07]} 5. d3
{[%clk 0:03:06]} Nf6 {[%clk 0:03:07]} 6. c4 {[%clk 0:03:07]} h6 {[%clk 0:03:05]}
7. Nbd2 {[%clk 0:03:06]} Be7 {[%clk 0:03:03]} 8. b3 {[%clk 0:03:07]} O-O 9. Bb2
Nbd7 {[%clk 0:03:01]} 10. Re1 {[%clk 0:03:07]} Bh7 {[%clk 0:03:02]} 11. a3
{[%clk 0:03:01]} a5 {[%clk 0:03:03]} 12. Qc2 {[%clk 0:03:02]} Re8
{[%clk 0:03:02]} 13. Ne5 {[%clk 0:02:59]} Nxe5 {[%clk 0:03:02]} 14. Bxe5
{[%clk 0:03:00]} Nd7 {[%clk 0:03:02]} 15. Bb2 {[%clk 0:03:01]} Qb6
{[%clk 0:02:43]} 16. Rab1 {[%clk 0:02:51]} Bf8 {[%clk 0:02:37]} 17. e4
{[%clk 0:02:23]} dxe4 {[%clk 0:02:34]} 18. Nxe4 {[%clk 0:02:16]} Nc5
{[%clk 0:02:28]} 19. Bd4 {[%clk 0:02:08]} Rad8 {[%clk 0:02:28]} 20. Be3
{[%clk 0:02:09]} Bxe4 {[%clk 0:02:24]} 21. dxe4 {[%clk 0:02:10]} Qc7
{[%clk 0:02:21]} 22. b4 {[%clk 0:02:04]} axb4 {[%clk 0:02:18]} 23. Bxc5
{[%clk 0:01:59]} Bxc5 {[%clk 0:02:18]} 24. axb4 {[%clk 0:02:01]} Bd4
{[%clk 0:02:19]} 25. c5 {[%clk 0:01:55]} e5 {[%clk 0:02:20]} 26. Bf1
{[%clk 0:01:52]} g6 {[%clk 0:02:14]} 27. Bc4 {[%clk 0:01:52]} Kg7
{[%clk 0:02:15]} 28. Kg2 {[%clk 0:01:53]} Ra8 {[%clk 0:02:14]} 29. Re2
{[%clk 0:01:49]} Qe7 {[%clk 0:02:15]} 30. h4 {[%clk 0:01:47]} h5 {[%clk 0:02:14]}
31. Rb3 {[%clk 0:01:47]} Ra1 {[%clk 0:02:14]} 32. Rb1 {[%clk 0:01:40]} Ra3
{[%clk 0:02:14]} 33. Rb3 {[%clk 0:01:41]} Rea8 {[%clk 0:02:16]} 34. Qd3
{[%clk 0:01:38]} Ra1 {[%clk 0:02:13]} 35. Rd2 {[%clk 0:01:22]} Rc1
{[%clk 0:01:55]} 36. Rb1 {[%clk 0:01:15]} Rc3 {[%clk 0:01:51]} 37. Qe2
{[%clk 0:01:13]} Qf6 {[%clk 0:01:45]} 38. Rc2 {[%clk 0:01:08]} Raa3
{[%clk 0:01:34]} 39. Rxc3 {[%clk 0:00:58]} Rxc3 {[%clk 0:01:35]} 40. Rf1
{[%clk 0:00:50]} Qe7 {[%clk 0:01:06]} 41. Rb1 {[%clk 0:00:41]} Ra3
{[%clk 0:01:05]} 42. Rb3 {[%clk 0:00:39]} Ra1 {[%clk 0:00:41]} 43. Rf3 f6 44. Bb3
{[%clk 0:00:38]} b5 {[%clk 0:00:21]} 45. cxb6 {[%clk 0:00:30]} Qxb4
{[%clk 0:00:22]} 46. Qc4 {[%clk 0:00:19]} Qxc4 {[%clk 0:00:22]} 47. Bxc4
{[%clk 0:00:20]} Bxb6 48. Rb3 {[%clk 0:00:21]} Bd4 {[%clk 0:00:16]} 49. Rb7+
{[%clk 0:00:22]} Kh6 {[%clk 0:00:11]} 50. f4 {[%clk 0:00:18]} Ra8
{[%clk 0:00:09]} 51. f5 {[%clk 0:00:18]} gxf5 {[%clk 0:00:10]} 52. exf5
{[%clk 0:00:19]} e4 {[%clk 0:00:10]} 53. Re7 {[%clk 0:00:16]} e3 {[%clk 0:00:11]}
54. Re6 {[%clk 0:00:18]} c5 {[%clk 0:00:13]} 55. Kf3 {[%clk 0:00:18]} Ra4
{[%clk 0:00:12]} 56. Bd5 {[%clk 0:00:18]} Ra7 {[%clk 0:00:12]} 57. Bc4
{[%clk 0:00:18]} Kg7 {[%clk 0:00:13]} 58. Re8 {[%clk 0:00:19]} Rb7
{[%clk 0:00:13]} 59. Rg8+ {[%clk 0:00:19]} Kh7 {[%clk 0:00:14]} 60. Re8
{[%clk 0:00:20]} Ra7 {[%clk 0:00:13]} 61. Bd5 {[%clk 0:00:19]} Kg7
{[%clk 0:00:11]} 62. Rg8+ {[%clk 0:00:20]} Kh7 {[%clk 0:00:12]} 63. Re8
{[%clk 0:00:21]} Rd7 {[%clk 0:00:13]} 64. Bc4 {[%clk 0:00:22]} Rg7
{[%clk 0:00:12]} 65. Re4 {[%clk 0:00:21]} Be5 {[%clk 0:00:13]} 66. g4
{[%clk 0:00:22]} hxg4+ {[%clk 0:00:11]} 67. Rxg4 {[%clk 0:00:24]} Rxg4
{[%clk 0:00:08]} 68. Kxg4 {[%clk 0:00:25]} Kh6 {[%clk 0:00:08]} 69. h5
{[%clk 0:00:25]} Bd4 {[%clk 0:00:09]} 70. Be2 {[%clk 0:00:26]} Bc3
{[%clk 0:00:09]} 71. Bc4 {[%clk 0:00:27]} Ba5 {[%clk 0:00:11]} 72. Be2
{[%clk 0:00:29]} Bd8 {[%clk 0:00:12]} 73. Bc4 {[%clk 0:00:30]} Bc7
{[%clk 0:00:12]} 74. Be2 {[%clk 0:00:31]} Kh7 {[%clk 0:00:13]} 75. Bc4 Bd6 76.
Be2 {[%clk 0:00:34]} Bf8 {[%clk 0:00:17]} 77. Bc4 {[%clk 0:00:35]} Bh6
{[%clk 0:00:18]} 78. Be2 Kg7 79. Bc4 {[%clk 0:00:37]} Kf8 {[%clk 0:00:22]} 80.
Kf3 Ke7 81. Ke4 Kd6 82. Bb5 {[%clk 0:00:37]} Kc7 {[%clk 0:00:26]} 83. Kd5 Kb6 84.
Be2 {[%clk 0:00:34]} Bg5 {[%clk 0:00:28]} 85. Kc4 {[%clk 0:00:33]} Kc6
{[%clk 0:00:29]} 86. Kd3 {[%clk 0:00:28]} Kd5 {[%clk 0:00:31]} 87. Bf3+ Ke5 88.
Kc4 {[%clk 0:00:30]} Kxf5 {[%clk 0:00:26]} 89. Kxc5 {[%clk 0:00:31]} Kf4
{[%clk 0:00:28]} 90. Be2 {[%clk 0:00:32]} Kg3 {[%clk 0:00:27]} 91. Kd5
{[%clk 0:00:27]} Kf2 {[%clk 0:00:19]} 92. Bd3 f5 93. Ke5 {[%clk 0:00:20]} f4
{[%clk 0:00:21]} 94. Kf5 {[%clk 0:00:22]} Bh6 {[%clk 0:00:23]} 95. Kg6
{[%clk 0:00:17]} Bf8 {[%clk 0:00:24]} 96. Kf7 {[%clk 0:00:18]} Bb4
{[%clk 0:00:24]} 0-1

[Event "Team Championship (men blitz)"]
[Site "Sochi"]
[Date "2017.10.05"]
[Round "12.5"]
[White "Grachev, Boris"]
[Black "Rakhmanov, Aleksandr"]
[Result "1/2-1/2"]
[LiveChessVersion "1.4.8"]
[BlackElo "2600"]
[WhiteElo "2625"]

1. d4 {[%clk 0:03:03]} Nf6 {[%clk 0:03:03]} 2. Bf4 {[%clk 0:03:03]} c5
{[%clk 0:03:04]} 3. e3 {[%clk 0:03:04]} g6 {[%clk 0:02:57]} 4. c3
{[%clk 0:02:59]} cxd4 {[%clk 0:02:42]} 5. exd4 {[%clk 0:02:56]} Bg7
{[%clk 0:02:43]} 6. Nf3 {[%clk 0:02:56]} O-O {[%clk 0:02:42]} 7. Be2
{[%clk 0:02:56]} d5 {[%clk 0:02:36]} 8. O-O {[%clk 0:02:51]} Nc6 {[%clk 0:02:28]}
9. Nbd2 {[%clk 0:02:45]} Bg4 {[%clk 0:02:28]} 10. Ne5 {[%clk 0:02:16]} Bxe2
{[%clk 0:02:27]} 11. Qxe2 {[%clk 0:02:17]} Rc8 {[%clk 0:02:21]} 12. h3
{[%clk 0:02:14]} e6 {[%clk 0:02:13]} 13. Nxc6 {[%clk 0:02:00]} Rxc6
{[%clk 0:02:09]} 14. Be5 {[%clk 0:02:00]} Nd7 {[%clk 0:02:05]} 15. Bxg7
{[%clk 0:02:00]} Kxg7 {[%clk 0:02:05]} 16. Nf3 {[%clk 0:01:59]} Qf6
{[%clk 0:01:59]} 17. Rfe1 {[%clk 0:01:58]} a6 {[%clk 0:01:55]} 18. Qd3
{[%clk 0:01:55]} Qf5 {[%clk 0:01:54]} 19. Qd2 {[%clk 0:01:55]} Qf6
{[%clk 0:01:53]} 20. Re3 {[%clk 0:01:54]} b5 {[%clk 0:01:51]} 21. Rae1
{[%clk 0:01:49]} a5 {[%clk 0:01:38]} 22. a3 {[%clk 0:01:47]} Rb8 {[%clk 0:01:32]}
23. Nh2 {[%clk 0:01:30]} h5 {[%clk 0:01:33]} 24. Rf3 {[%clk 0:01:23]} Qe7
{[%clk 0:01:34]} 25. Qf4 {[%clk 0:01:22]} b4 {[%clk 0:01:27]} 26. axb4
{[%clk 0:01:16]} axb4 {[%clk 0:01:28]} 27. Nf1 {[%clk 0:01:07]} bxc3
{[%clk 0:01:27]} 28. bxc3 {[%clk 0:01:08]} Rbc8 {[%clk 0:01:08]} 29. Ree3
{[%clk 0:00:50]} Ra8 {[%clk 0:01:00]} 30. g4 {[%clk 0:00:34]} hxg4
{[%clk 0:00:55]} 31. hxg4 {[%clk 0:00:35]} Rh8 {[%clk 0:00:44]} 32. Rh3
{[%clk 0:00:34]} Rcc8 {[%clk 0:00:40]} 33. Kg2 {[%clk 0:00:32]} 1/2-1/2

[Event "Team Championship (men blitz)"]
[Site "Sochi"]
[Date "2017.10.05"]
[Round "12.6"]
[White "Rozum, Ivan"]
[Black "Potkin, Vladimir"]
[Result "1/2-1/2"]
[LiveChessVersion "1.4.8"]
[BlackElo "2497"]
[WhiteElo "2553"]

1. c4 {[%clk 0:03:02]} e6 {[%clk 0:03:03]} 2. Nf3 {[%clk 0:03:02]} d5
{[%clk 0:03:04]} 3. b3 {[%clk 0:03:03]} Nf6 {[%clk 0:03:05]} 4. Bb2
{[%clk 0:03:04]} Be7 {[%clk 0:03:06]} 5. g3 {[%clk 0:03:05]} O-O {[%clk 0:03:06]}
6. Bg2 {[%clk 0:03:06]} c5 {[%clk 0:03:06]} 7. O-O {[%clk 0:03:06]} Nc6
{[%clk 0:03:07]} 8. e3 {[%clk 0:03:06]} Qa5 {[%clk 0:03:07]} 9. d3
{[%clk 0:03:04]} Rd8 {[%clk 0:03:08]} 10. Nbd2 {[%clk 0:03:00]} Bd7
{[%clk 0:03:07]} 11. a3 {[%clk 0:02:59]} Be8 {[%clk 0:02:52]} 12. Qc2
{[%clk 0:02:59]} Rac8 {[%clk 0:02:45]} 13. Rfd1 {[%clk 0:02:57]} a6
{[%clk 0:02:46]} 14. h3 {[%clk 0:02:53]} h6 {[%clk 0:02:44]} 15. g4
{[%clk 0:02:45]} b5 {[%clk 0:02:44]} 16. Nf1 {[%clk 0:02:36]} bxc4
{[%clk 0:02:35]} 17. bxc4 {[%clk 0:02:36]} Rb8 {[%clk 0:02:33]} 18. Bc3
{[%clk 0:02:35]} Qc7 {[%clk 0:02:29]} 19. Ng3 {[%clk 0:02:29]} d4
{[%clk 0:02:30]} 20. exd4 {[%clk 0:02:28]} Nxd4 {[%clk 0:02:28]} 21. Nxd4
{[%clk 0:02:25]} cxd4 {[%clk 0:02:29]} 22. Bb4 {[%clk 0:01:56]} Bc5
{[%clk 0:02:30]} 23. Rab1 {[%clk 0:01:55]} a5 {[%clk 0:02:29]} 24. Bxc5 Qxc5
{[%clk 0:02:30]} 25. Qa2 {[%clk 0:01:46]} Bc6 {[%clk 0:02:27]} 26. Bxc6
{[%clk 0:01:39]} Qxc6 {[%clk 0:02:28]} 27. Rxb8 {[%clk 0:01:40]} Rxb8
{[%clk 0:02:29]} 28. Rb1 {[%clk 0:01:41]} Rxb1+ {[%clk 0:01:56]} 29. Qxb1
{[%clk 0:01:42]} Nd7 {[%clk 0:01:54]} 30. Qb5 {[%clk 0:01:33]} Qxb5
{[%clk 0:01:49]} 31. cxb5 {[%clk 0:01:34]} Kf8 {[%clk 0:01:49]} 32. Ne4
{[%clk 0:01:28]} Ke7 {[%clk 0:01:49]} 33. Kf1 {[%clk 0:01:28]} f5
{[%clk 0:01:48]} 34. gxf5 {[%clk 0:01:24]} exf5 {[%clk 0:01:49]} 35. Nd2
{[%clk 0:01:25]} a4 {[%clk 0:01:02]} 36. Nf3 {[%clk 0:01:10]} Kd6
{[%clk 0:01:03]} 37. Nxd4 {[%clk 0:01:11]} g6 {[%clk 0:01:03]} 38. Ne2
{[%clk 0:00:39]} Kc5 {[%clk 0:01:03]} 39. Nc3 {[%clk 0:00:40]} Nb6
{[%clk 0:01:04]} 40. Ke2 {[%clk 0:00:41]} Kd4 {[%clk 0:01:02]} 41. Kd2
{[%clk 0:00:43]} g5 {[%clk 0:01:03]} 42. Ne2+ {[%clk 0:00:43]} Ke5
{[%clk 0:00:57]} 43. Kc3 {[%clk 0:00:33]} h5 {[%clk 0:00:52]} 44. Kb4
{[%clk 0:00:30]} h4 {[%clk 0:00:52]} 45. f3 {[%clk 0:00:26]} g4 {[%clk 0:00:48]}
46. d4+ {[%clk 0:00:23]} Kf6 {[%clk 0:00:37]} 47. fxg4 {[%clk 0:00:24]} fxg4
{[%clk 0:00:38]} 48. Ng1 {[%clk 0:00:19]} Kf5 {[%clk 0:00:27]} 49. Kc5
{[%clk 0:00:15]} Nc8 {[%clk 0:00:16]} 50. d5 {[%clk 0:00:15]} gxh3
{[%clk 0:00:16]} 51. Nxh3 {[%clk 0:00:16]} Ke5 {[%clk 0:00:17]} 52. Ng5
{[%clk 0:00:15]} Kf5 {[%clk 0:00:15]} 53. Nh3 {[%clk 0:00:09]} Ke5
{[%clk 0:00:16]} 54. Nf2 {[%clk 0:00:10]} Nd6 {[%clk 0:00:07]} 55. b6
{[%clk 0:00:10]} Nb7+ {[%clk 0:00:08]} 56. Kc6 {[%clk 0:00:11]} Na5+
{[%clk 0:00:08]} 57. Kb5 {[%clk 0:00:12]} Nb7 {[%clk 0:00:09]} 58. Kc6
{[%clk 0:00:08]} Na5+ {[%clk 0:00:10]} 59. Kb5 {[%clk 0:00:07]} Nb7
{[%clk 0:00:12]} 60. Kxa4 {[%clk 0:00:08]} Kxd5 {[%clk 0:00:13]} 61. Kb5
{[%clk 0:00:09]} Nd6+ {[%clk 0:00:13]} 62. Ka6 {[%clk 0:00:10]} Kc6
{[%clk 0:00:13]} 63. a4 {[%clk 0:00:11]} Nb7 {[%clk 0:00:05]} 64. a5
{[%clk 0:00:11]} Nd6 {[%clk 0:00:04]} 65. Nh3 {[%clk 0:00:12]} Nb7
{[%clk 0:00:05]} 66. Ng5 {[%clk 0:00:12]} Nd6 {[%clk 0:00:05]} 67. Ka7
{[%clk 0:00:10]} Nc8+ {[%clk 0:00:06]} 68. Ka6 {[%clk 0:00:09]} Nd6
{[%clk 0:00:08]} 69. Nh3 {[%clk 0:00:10]} Nb7 {[%clk 0:00:08]} 70. Nf2
{[%clk 0:00:11]} Nd6 {[%clk 0:00:08]} 71. Nd3 {[%clk 0:00:10]} h3
{[%clk 0:00:08]} 72. Ne5+ {[%clk 0:00:10]} Kd5 {[%clk 0:00:09]} 73. Ng4
{[%clk 0:00:10]} Kc6 {[%clk 0:00:10]} 74. Nh2 {[%clk 0:00:09]} Nb7
{[%clk 0:00:09]} 75. Nf3 {[%clk 0:00:09]} Nd6 {[%clk 0:00:10]} 76. Ka7
{[%clk 0:00:08]} Nc8+ {[%clk 0:00:11]} 77. Kb8 {[%clk 0:00:05]} Nxb6
{[%clk 0:00:12]} 78. a6 {[%clk 0:00:06]} Kb5 {[%clk 0:00:08]} 79. Kb7
{[%clk 0:00:07]} Ka5 {[%clk 0:00:08]} 80. a7 {[%clk 0:00:07]} Kb5
{[%clk 0:00:09]} 81. Nd4+ {[%clk 0:00:08]} Kc5 {[%clk 0:00:10]} 82. Nf3
{[%clk 0:00:06]} Kb5 {[%clk 0:00:11]} 83. Nh2 {[%clk 0:00:07]} Kc5
{[%clk 0:00:11]} 84. Ng4 {[%clk 0:00:08]} Kb5 {[%clk 0:00:12]} 85. Nh2
{[%clk 0:00:08]} Kc5 {[%clk 0:00:14]} 86. Nf3 {[%clk 0:00:10]} Kb5
{[%clk 0:00:15]} 87. Nd4+ {[%clk 0:00:11]} Kc5 {[%clk 0:00:16]} 88. Ne6+
{[%clk 0:00:11]} Kb5 {[%clk 0:00:16]} 89. Nc7+ {[%clk 0:00:12]} Kc5
{[%clk 0:00:17]} 90. Ne6+ {[%clk 0:00:12]} Kb5 {[%clk 0:00:18]} 91. Nd4+
{[%clk 0:00:11]} Kc5 {[%clk 0:00:19]} 92. Nf3 {[%clk 0:00:06]} Kb5 1/2-1/2

[Event "Team Championship (men blitz)"]
[Site "Sochi"]
[Date "2017.10.05"]
[Round "12.7"]
[White "Popov, Ivan"]
[Black "Moiseenko, Vadim"]
[Result "0-1"]
[LiveChessVersion "1.4.8"]
[BlackElo "2497"]
[WhiteElo "2607"]

1. e4 {[%clk 0:03:03]} e5 {[%clk 0:03:04]} 2. Nf3 {[%clk 0:03:04]} Nc6
{[%clk 0:03:05]} 3. Bc4 {[%clk 0:03:05]} Nf6 {[%clk 0:03:06]} 4. d3
{[%clk 0:03:07]} Bc5 {[%clk 0:03:07]} 5. O-O {[%clk 0:03:07]} O-O
{[%clk 0:03:07]} 6. a4 {[%clk 0:03:08]} d5 {[%clk 0:03:07]} 7. exd5
{[%clk 0:03:07]} Nxd5 {[%clk 0:03:07]} 8. Nbd2 {[%clk 0:03:08]} Bg4
{[%clk 0:03:04]} 9. h3 {[%clk 0:03:01]} Bh5 {[%clk 0:03:05]} 10. Ne4
{[%clk 0:02:52]} Bb6 {[%clk 0:02:56]} 11. Ng3 {[%clk 0:02:44]} Bg6
{[%clk 0:02:55]} 12. Bg5 {[%clk 0:02:19]} f6 {[%clk 0:02:52]} 13. Bd2
{[%clk 0:02:19]} Kh8 {[%clk 0:02:25]} 14. a5 {[%clk 0:02:17]} Bc5
{[%clk 0:02:25]} 15. a6 {[%clk 0:02:16]} b6 {[%clk 0:02:21]} 16. c3
{[%clk 0:02:07]} Nde7 {[%clk 0:02:14]} 17. Ne4 {[%clk 0:02:01]} Bxe4
{[%clk 0:02:00]} 18. dxe4 {[%clk 0:02:01]} Ng6 {[%clk 0:02:01]} 19. b4
{[%clk 0:01:50]} Bd6 {[%clk 0:02:02]} 20. Qa4 {[%clk 0:01:35]} Nce7
{[%clk 0:02:02]} 21. Rad1 {[%clk 0:01:34]} Qc8 {[%clk 0:01:57]} 22. Be3
{[%clk 0:01:26]} h6 {[%clk 0:01:57]} 23. Qb3 {[%clk 0:01:06]} Rb8
{[%clk 0:01:47]} 24. Be6 {[%clk 0:01:05]} Qxa6 {[%clk 0:01:47]} 25. Ra1
{[%clk 0:01:00]} Qb7 {[%clk 0:01:47]} 26. Nd2 {[%clk 0:00:58]} Nf4
{[%clk 0:01:26]} 27. Bxf4 {[%clk 0:00:58]} exf4 {[%clk 0:01:27]} 28. Nc4
{[%clk 0:00:45]} f3 {[%clk 0:01:06]} 29. g3 {[%clk 0:00:23]} Rbe8
{[%clk 0:00:53]} 30. Nxd6 {[%clk 0:00:20]} cxd6 {[%clk 0:00:54]} 31. Rfe1
{[%clk 0:00:16]} Ng6 {[%clk 0:00:50]} 32. Bd5 {[%clk 0:00:15]} Qd7
{[%clk 0:00:51]} 33. Kh2 {[%clk 0:00:16]} Re5 {[%clk 0:00:52]} 34. Qa4
{[%clk 0:00:15]} Qc8 {[%clk 0:00:38]} 35. Qc6 {[%clk 0:00:14]} Qxc6 36. Bxc6 a5
37. bxa5 {[%clk 0:00:15]} bxa5 {[%clk 0:00:34]} 38. Bd5 {[%clk 0:00:15]} Ne7
{[%clk 0:00:34]} 39. Rxa5 {[%clk 0:00:15]} f5 {[%clk 0:00:36]} 40. Re3
{[%clk 0:00:13]} fxe4 {[%clk 0:00:33]} 41. c4 {[%clk 0:00:11]} Nxd5
{[%clk 0:00:24]} 42. Rxd5 {[%clk 0:00:11]} Rxd5 {[%clk 0:00:26]} 43. cxd5
{[%clk 0:00:12]} Re8 {[%clk 0:00:27]} 44. h4 {[%clk 0:00:09]} g6 {[%clk 0:00:22]}
45. Kh3 {[%clk 0:00:09]} Kg7 {[%clk 0:00:18]} 46. Kg4 {[%clk 0:00:09]} Kf6
{[%clk 0:00:19]} 47. Kf4 {[%clk 0:00:10]} g5+ {[%clk 0:00:20]} 48. hxg5+
{[%clk 0:00:11]} hxg5+ {[%clk 0:00:21]} 49. Kg4 {[%clk 0:00:12]} Ke5
{[%clk 0:00:18]} 50. Kxg5 {[%clk 0:00:12]} Kxd5 {[%clk 0:00:20]} 51. g4
{[%clk 0:00:12]} Ke5 {[%clk 0:00:21]} 52. Kh6 {[%clk 0:00:11]} d5
{[%clk 0:00:22]} 53. Ra3 {[%clk 0:00:11]} d4 {[%clk 0:00:23]} 54. g5
{[%clk 0:00:12]} Kf4 {[%clk 0:00:23]} 55. g6 {[%clk 0:00:12]} e3 {[%clk 0:00:24]}
56. fxe3+ {[%clk 0:00:12]} dxe3 {[%clk 0:00:26]} 57. g7 {[%clk 0:00:12]} e2
{[%clk 0:00:24]} 58. Ra1 {[%clk 0:00:06]} f2 {[%clk 0:00:24]} 59. Ra4+
{[%clk 0:00:07]} Kf3 {[%clk 0:00:25]} 60. Ra3+ {[%clk 0:00:08]} Kg2
{[%clk 0:00:25]} 61. Re3 {[%clk 0:00:09]} Rxe3 {[%clk 0:00:15]} 62. g8=Q+
{[%clk 0:00:09]} Rg3 {[%clk 0:00:14]} 63. Qd5+ {[%clk 0:00:10]} Kg1
{[%clk 0:00:16]} 64. Qe5 {[%clk 0:00:03]} Rh3+ {[%clk 0:00:17]} 65. Kg5
{[%clk 0:00:04]} f1=Q {[%clk 0:00:17]} 66. Qd4+ {[%clk 0:00:05]} Qf2
{[%clk 0:00:17]} 0-1

[Event "Team Championship (men blitz)"]
[Site "Sochi"]
[Date "2017.10.05"]
[Round "12.8"]
[White "Gogolev, Artem"]
[Black "Motylev, Alexander"]
[Result "0-1"]
[LiveChessVersion "1.4.8"]
[BlackElo "2551"]
[WhiteElo "2330"]

1. c4 {[%clk 0:03:02]} c6 {[%clk 0:03:01]} 2. e4 {[%clk 0:02:58]} d5
{[%clk 0:03:01]} 3. exd5 {[%clk 0:02:57]} cxd5 {[%clk 0:03:02]} 4. d4
{[%clk 0:02:54]} Nf6 {[%clk 0:03:02]} 5. Nc3 {[%clk 0:02:54]} g6 {[%clk 0:02:56]}
6. Bg5 {[%clk 0:02:50]} Bg7 {[%clk 0:02:46]} 7. Nf3 {[%clk 0:02:27]} O-O
{[%clk 0:02:46]} 8. Bxf6 {[%clk 0:02:19]} exf6 {[%clk 0:02:46]} 9. Nxd5
{[%clk 0:02:12]} Bg4 {[%clk 0:02:46]} 10. Be2 {[%clk 0:02:06]} Nc6
{[%clk 0:02:39]} 11. O-O {[%clk 0:02:05]} f5 {[%clk 0:02:34]} 12. Rc1
{[%clk 0:01:55]} Bxf3 {[%clk 0:02:31]} 13. Bxf3 {[%clk 0:01:55]} Nxd4
{[%clk 0:02:31]} 14. b4 {[%clk 0:01:50]} Re8 {[%clk 0:02:30]} 15. Qd3
{[%clk 0:01:44]} Qd7 {[%clk 0:02:02]} 16. Rfe1 {[%clk 0:01:37]} h5
{[%clk 0:02:02]} 17. g3 {[%clk 0:01:20]} Rad8 {[%clk 0:01:46]} 18. Bg2
{[%clk 0:01:21]} Kh7 {[%clk 0:01:30]} 19. h4 {[%clk 0:01:19]} Re6
{[%clk 0:01:15]} 20. Nf4 {[%clk 0:01:08]} Ne2+ {[%clk 0:01:00]} 21. Qxe2
{[%clk 0:00:45]} Rxe2 {[%clk 0:00:59]} 22. Rxe2 {[%clk 0:00:46]} Qa4
{[%clk 0:00:47]} 23. Nd5 {[%clk 0:00:33]} Re8 {[%clk 0:00:41]} 24. Rxe8
{[%clk 0:00:29]} Qxe8 {[%clk 0:00:42]} 25. c5 {[%clk 0:00:26]} Qe2
{[%clk 0:00:40]} 26. Nf4 {[%clk 0:00:22]} Qd2 {[%clk 0:00:39]} 27. Rf1
{[%clk 0:00:21]} Qxb4 {[%clk 0:00:39]} 28. Bd5 {[%clk 0:00:19]} Bh6
{[%clk 0:00:30]} 29. Nh3 {[%clk 0:00:10]} Qxc5 {[%clk 0:00:28]} 30. Bxf7
{[%clk 0:00:10]} f4 {[%clk 0:00:28]} 31. gxf4 {[%clk 0:00:06]} Qf5
{[%clk 0:00:29]} 32. Ng5+ {[%clk 0:00:04]} Bxg5 {[%clk 0:00:30]} 0-1